000 00955nas a2200301 4500
001 BR2012001325
003 BR-BrBNA
005 20231205120306.0
007 ta
008 230509b bl.|||p| |||| 00| 00por d
040 _aBR-BrBNA
_bpor
_cBiblioteca Nacional de Agricultura
041 _a(En)
072 _aF04
100 1 _aPaes, J.L.
100 1 _aFaroni, L.R.A.
100 1 _aMartins, M.A.
100 1 _aDhingra, O.D.
100 1 _aSilva, T.A.
245 1 _aDiffusion and sorption of allyl isothiocyanate in the process of fumigation of maize
650 _aMILHO
650 _aFUMIGAÇÃO
650 _aSORÇÃO
650 _aEXPERIÊNCIA DE LABORATÓRIO
773 0 _tRevista Brasileira de Engenharia Agrícola e Ambiental (Brazil)
_xISSN 1807-1929
_g(Mar 2011), v.15(3) p. 296-301
_wBR2012001325
856 4 0 _uhttp://www.scielo.br/pdf/rbeaa/v15n3/v15n3a11.pdf
909 _a202311
_bLúcia
_c55
_dLúcia Elande
942 _2AGRIS
_n0
_cANA
999 _c217780
_d217780